| 000 | 01061cad a22002055a 4500 | ||
|---|---|---|---|
| 001 | E150280 | ||
| 008 | 100618e20100618xxk 000 0 eng d | ||
| 035 | _a(Sirsi) u150280 | ||
| 041 | 0 | _aeng | |
| 110 | 2 |
_aScotland _bScottish Government _95344 |
|
| 245 | 0 | 0 |
_aNo hiding place for slum landlords _h[electronic resource] |
| 260 | _c2010 | ||
| 490 |
_aScottish Government News Release _v18 June 2010 |
||
| 520 | _aAnnounces a package of measures to regenerate Glasgow's Govanhill area, including £1.5m to refurbish the backcourts of Govanhill tenement blocks; the development of a property acquisition strategy by Glasgow City Council and Govanhill Housing Association; and the creation of an enforcement team, funded by £300 000 over two years, to stop rogue landlords operating in the area. | ||
| 590 | _aKA | ||
| 651 | 4 |
_aScotland _y1999- |
|
| 690 | _aPROPERTY-RESIDENTIAL PROPERTY-DOMESTIC RESIDENTIAL PROPERTY-HOUSING | ||
| 856 | 4 | 0 |
_uhttps://www.scotland.gov.uk/News/Releases/2010/06/18100316 _zView the news release at www.scotland.gov.uk |
| 942 | _n0 | ||
| 999 |
_c82439 _d82439 |
||